[Event "2BLW 2223 SV Koblenz - Aachener SV"]
[Site "?"]
[Date "2023.02.25"]
[Round "7.8"]
[White "Steinacker, Alex"]
[Black "Huesmann, Thomas"]
[Result "1-0"]
[WhiteElo "2273"]
[BlackElo "2132"]
[PlyCount "119"]
[EventDate "2023.??.??"]

1. g3 d5 2. Nf3 c5 3. Bg2 Nc6 4. O-O e5 5. d3 Nf6 6. Nbd2 Be7 7. e4 O-O 8. Re1 d4 9. Nc4 Qc7 10. a4 b6 11. Nh4 Bg4 12. f3 Be6 13. f4 Bxc4 14. dxc4 Nd7 15. Nf3 Rad8 16. f5 Ndb8 17. Bf1 Nb4 18. Bd3 N8c6 19. g4 f6 20. Re2 Kf7 21. g5 Ke8 22. Rg2 Kd7 23. Bd2 Kc8 24. Qe1 fxg5 25. Nxg5 Bxg5 26. Rxg5 Rf7 27. Qg3 a5 28. Kh1 Rdd7 29. Rg1 Nxd3 30. cxd3 Nb4 31. Qh3 h6 32. Rg6 Kb7 33. Qg3 Rde7 34. Kg2 Na6 35. Kf2 Qd7 36. b3 Nc7 37. Ke2 Ne8 38. Qh4 Ka7 39. Qf2 Rf6 40. R6g2 Ref7 41. Qf3 Rc6 42. h4 Qc7 43. h5 Ka6 44. Be1 Re7 45. Bh4 Rf7 46. Rg6 Nf6 47. Bxf6 Rcxf6 48. R6g4 Re7 49. Qg3 Rff7 50. Rg6 Qd7 51. Rf1 Qe8 52. Qh4 Qf8 53. f6 gxf6 54. Rfxf6 Rxf6 55. Qxf6 Qxf6 56. Rxf6 Rg7 57. Kf2 Rg4 58. Rxh6 Rf4+ 59. Kg2 Rg4+ 60. Kh3 1-0

[Event "2BLW 2223 SC Heimbach-Weis-Neuwied - SG"]
[Site "?"]
[Date "2023.02.25"]
[Round "7.1"]
[White "Lutz, Christopher"]
[Black "Livaic, Leon"]
[Result "1/2-1/2"]
[WhiteElo "2527"]
[BlackElo "2571"]
[PlyCount "71"]
[EventDate "2023.??.??"]

1. e4 c6 2. d4 d5 3. Nc3 dxe4 4. Nxe4 Nf6 5. Nxf6+ exf6 6. Bc4 Na6 7. Ne2 Nc7 8. O-O Bd6 9. Bf4 Be6 10. Bxe6 Nxe6 11. Bxd6 Qxd6 12. c3 O-O 13. Qb3 Rfe8 14. Rad1 Rad8 15. Rfe1 g6 16. Ng3 f5 17. Qxb7 Rb8 18. Qa6 Rxb2 19. Re2 Rxe2 20. Qxe2 Rb8 21. Nf1 f4 22. h3 Qa3 23. Qc4 Rb6 24. Nd2 Qa6 25. a4 Nc7 26. Re1 Qxc4 27. Nxc4 Rb3 28. Re7 Nd5 29. Rxa7 Rxc3 30. Nd6 Rc1+ 31. Kh2 Rc2 32. Nxf7 Rxf2 33. Nh6+ Kh8 34. Nf7+ Kg8 35. Nh6+ Kh8 36. Nf7+ 1/2-1/2

[Event "2BLW 2223 SC Heimbach-Weis-Neuwied - SG"]
[Site "?"]
[Date "2023.02.25"]
[Round "7.2"]
[White "Kraus, Tomas"]
[Black "Xu, Xianliang"]
[Result "1-0"]
[WhiteElo "2483"]
[BlackElo "2450"]
[PlyCount "53"]
[EventDate "2023.??.??"]

1. d4 Nf6 2. Nf3 c5 3. e3 d5 4. dxc5 e6 5. b4 a5 6. c3 axb4 7. cxb4 b6 8. Bb5+ Bd7 9. Bxd7+ Nbxd7 10. a4 bxc5 11. b5 Bd6 12. Bb2 O-O 13. Nbd2 Qc7 14. Qc2 c4 15. h3 Rfc8 16. Bc3 Nc5 17. O-O Nfe4 18. Nxe4 Nxe4 19. a5 Rcb8 20. Rfb1 Nxc3 21. Qxc3 Bc5 22. b6 Qd6 23. Nd4 Bxd4 24. exd4 Ra6 25. Rb5 f6 26. Rab1 e5 27. Rc5 1-0

[Event "2BLW 2223 SC Heimbach-Weis-Neuwied - SG"]
[Site "?"]
[Date "2023.02.25"]
[Round "7.3"]
[White "Rotstein, Arkadij"]
[Black "Tica, Sven"]
[Result "0-1"]
[WhiteElo "2460"]
[BlackElo "2440"]
[PlyCount "88"]
[EventDate "2023.??.??"]

1. e4 c6 2. c4 d5 3. exd5 cxd5 4. cxd5 Nf6 5. Nc3 g6 6. Nf3 Bg7 7. Bc4 O-O 8. O-O Na6 9. d4 Nc7 10. Bg5 Nfxd5 11. Re1 Be6 12. Bb3 Re8 13. Ne4 f6 14. Bh4 Bf7 15. Bg3 b6 16. Rc1 Rc8 17. Rc2 h6 18. Qc1 Qd7 19. Bxc7 Nxc7 20. Bxf7+ Kxf7 21. Qf4 Ne6 22. Qd2 Rxc2 23. Qxc2 f5 24. Nc3 Nxd4 25. Nxd4 Bxd4 26. Qb3+ e6 27. Rd1 Rd8 28. Kf1 Qc8 29. Nb5 Bc5 30. Rxd8 Qxd8 31. Qf3 Qd2 32. g4 Qxb2 33. Nxa7 Qb1+ 34. Kg2 Qxa2 35. Nb5 Qc4 36. Qb7+ Kf6 37. Nc7 Qxg4+ 38. Kf1 Qc4+ 39. Kg1 Qc1+ 40. Kg2 Qg5+ 41. Kf1 Qc1+ 42. Kg2 Qf4 43. f3 Qh4 44. Ne8+ Kg5 0-1

[Event "2BLW 2223 SC Heimbach-Weis-Neuwied - SG"]
[Site "?"]
[Date "2023.02.25"]
[Round "7.4"]
[White "Winterberg, Lukas"]
[Black "Suvorov, Alexander"]
[Result "1-0"]
[WhiteElo "2402"]
[BlackElo "2345"]
[PlyCount "109"]
[EventDate "2023.??.??"]

1. d4 Nf6 2. Nf3 g6 3. c4 Bg7 4. Nc3 O-O 5. e4 d6 6. Be2 Nbd7 7. h3 e5 8. d5 Nc5 9. Qc2 a5 10. Be3 Nfd7 11. g4 c6 12. O-O-O a4 13. h4 Qa5 14. h5 Nf6 15. hxg6 fxg6 16. Ng5 h6 17. Ne6 Bxe6 18. dxe6 Nxe6 19. g5 Nxg5 20. c5 Nf7 21. cxd6 b5 22. f4 b4 23. Nb1 a3 24. b3 Rad8 25. Nd2 Nxd6 26. Nc4 Nxc4 27. Qxc4+ Kh7 28. f5 gxf5 29. exf5 Rxd1+ 30. Rxd1 Rd8 31. Rg1 Qd5 32. Qh4 Qe4 33. Rxg7+ Kxg7 34. Qxh6+ Kf7 35. Qg6+ Ke7 36. Bc5+ Rd6 37. Bxd6+ Kxd6 38. Qxf6+ Kc5 39. Qe7+ Kb6 40. Qd8+ Kb7 41. Qd3 Qh1+ 42. Kd2 Qa1 43. Qd7+ Kb6 44. Qd8+ Kb7 45. Qe7+ Ka8 46. Qf8+ Ka7 47. Qc5+ Kb7 48. Qxb4+ Kc7 49. Qxa3 Qd4+ 50. Kc2 Qe4+ 51. Bd3 Qg2+ 52. Kc3 Qg1 53. Qe7+ Kb6 54. Qd8+ Kb7 55. Kb2 1-0

[Event "2BLW 2223 SC Heimbach-Weis-Neuwied - SG"]
[Site "?"]
[Date "2023.02.25"]
[Round "7.5"]
[White "Suvorov, Luca"]
[Black "Krejci, Jan"]
[Result "0-1"]
[WhiteElo "2294"]
[BlackElo "2516"]
[PlyCount "130"]
[EventDate "2023.??.??"]

1. d4 Nf6 2. c4 e6 3. Nc3 Bb4 4. e3 O-O 5. Bd2 d5 6. Nf3 Nbd7 7. Qb3 c5 8. dxc5 Bxc3 9. Bxc3 Ne4 10. Rd1 Ndxc5 11. Qa3 Nxc3 12. Qxc3 Ne4 13. Qa3 Qf6 14. cxd5 exd5 15. Be2 Bg4 16. O-O Rfd8 17. Qb3 Rac8 18. Nd4 Bxe2 19. Nxe2 Qa6 20. Nc3 Nxc3 21. bxc3 Rc4 22. Rd4 Qc6 23. Rd3 h5 24. h3 Re8 25. Rb1 b6 26. Qb5 Re5 27. Qxc6 Rxc6 28. Rb5 g6 29. a4 a5 30. Kf1 Re4 31. Rbxd5 Rxa4 32. Rd6 Rac4 33. Rxc6 Rxc6 34. Ke2 Kf8 35. Rd8+ Ke7 36. Rb8 Kd6 37. Kd3 Kc5 38. Rb7 f5 39. h4 b5 40. Ra7 a4 41. Ra8 Kb6 42. Kc2 Kb7 43. Ra5 Kb6 44. Ra8 Rc4 45. g3 Rc6 46. Kd3 Kc5 47. Ra7 Rd6+ 48. Kc2 Kd5 49. Kd3 Kc6+ 50. Kc2 Kc5 51. Ra8 Kd5 52. Kd3 Ke6+ 53. Ke2 Kd7 54. c4 Kc6 55. f3 Kc5 56. cxb5 Kxb5 57. e4 fxe4 58. fxe4 Ra6 59. Rb8+ Kc4 60. Ke3 a3 61. Rb1 a2 62. Ra1 Kb3 63. e5 Ra4 64. e6 Kb2 65. e7 Ra8 0-1

[Event "2BLW 2223 SC Heimbach-Weis-Neuwied - SG"]
[Site "?"]
[Date "2023.02.25"]
[Round "7.6"]
[White "Polak, Tomas"]
[Black "Pauly, Carlo"]
[Result "1-0"]
[WhiteElo "2506"]
[BlackElo "2308"]
[PlyCount "67"]
[EventDate "2023.??.??"]

1. d4 Nf6 2. c4 g6 3. Nc3 Bg7 4. e4 d6 5. Nf3 O-O 6. Be2 e5 7. Be3 Ng4 8. Bg5 f6 9. Bc1 Nc6 10. d5 Nd4 11. Nxd4 exd4 12. Nb5 f5 13. O-O Ne5 14. exf5 d3 15. Bxd3 Nxd3 16. Qxd3 Bxf5 17. Qg3 Be5 18. Bg5 Qd7 19. Qb3 a6 20. Na3 b6 21. Nc2 Bxc2 22. Qxc2 Qf5 23. Qd2 Bxb2 24. Rae1 Be5 25. f4 Bg7 26. Re6 b5 27. Qe2 bxc4 28. Qxc4 Rab8 29. Be7 Rfe8 30. h3 Rb1 31. Rxb1 Qxb1+ 32. Kh2 Qb5 33. Qxc7 Qxd5 34. Bf6 1-0

[Event "2BLW 2223 SC Heimbach-Weis-Neuwied - SG"]
[Site "?"]
[Date "2023.02.25"]
[Round "7.7"]
[White "Marcziter, Dmitrii"]
[Black "Schulz, Klaus-Juergen"]
[Result "0-1"]
[WhiteElo "2235"]
[BlackElo "2347"]
[PlyCount "116"]
[EventDate "2023.??.??"]

1. d4 d5 2. c4 dxc4 3. Nf3 Nf6 4. g3 Nc6 5. Bg2 Rb8 6. O-O e6 7. a4 a6 8. Bg5 Be7 9. Nc3 h6 10. Bf4 Nd5 11. Be5 O-O 12. e4 Ndb4 13. d5 exd5 14. exd5 Na5 15. Nd4 Nd3 16. Bf4 Nxf4 17. gxf4 Bf6 18. Nce2 Bg4 19. Qc2 Nb3 20. Nxb3 cxb3 21. Qd2 Qd6 22. Ng3 Rfe8 23. Rfe1 Qd7 24. Ne4 Be7 25. Qc3 Bd6 26. Qg3 Kf8 27. Nxd6 cxd6 28. Qxb3 Be2 29. Bh3 Qd8 30. Qc3 Qh4 31. Qg3 Qf6 32. b3 Re7 33. Rac1 Rbe8 34. Rc8 Qd4 35. Rxe8+ Rxe8 36. Bg4 Qd2 37. Rxe2 Rxe2 38. Bxe2 Qxe2 39. Qe3 Qd1+ 40. Kg2 Qxd5+ 41. Kg1 f5 42. h3 Kf7 43. Qc3 Qc5 44. Qf3 d5 45. Qh5+ Kf6 46. Qh4+ Kg6 47. Qd8 Qc1+ 48. Kg2 Qxf4 49. Qb6+ Kh7 50. Qxb7 Qe4+ 51. Kg1 f4 52. Qxa6 f3 53. Qf1 d4 54. Qd1 Qg6+ 55. Kf1 Qg2+ 56. Ke1 Qg1+ 57. Kd2 Qxf2+ 58. Kc1 Qe3+ 0-1

[Event "2BLW 2223 SC Heimbach-Weis-Neuwied - SG"]
[Site "?"]
[Date "2023.02.25"]
[Round "7.8"]
[White "Bukal, Vladimir Jr"]
[Black "Sabirov, Ramil"]
[Result "1-0"]
[WhiteElo "2396"]
[BlackElo "2112"]
[PlyCount "135"]
[EventDate "2023.??.??"]

1. d4 Nf6 2. Nf3 g6 3. Bg5 Ne4 4. Bh4 d5 5. e3 Bg7 6. Nbd2 c5 7. c3 Qb6 8. Qb3 Nxd2 9. Nxd2 Qxb3 10. axb3 cxd4 11. exd4 O-O 12. Be2 Re8 13. O-O Nc6 14. Rfd1 Bf5 15. b4 a6 16. Nf3 h6 17. h3 g5 18. Bg3 Be4 19. Ne1 Rad8 20. Nd3 Bxd3 21. Bxd3 e6 22. Ra2 e5 23. dxe5 Nxe5 24. Bf5 d4 25. Be4 dxc3 26. Rxd8 Rxd8 27. bxc3 Nc6 28. Ra3 Rd1+ 29. Kh2 Rc1 30. b5 Nd8 31. Bxb7 axb5 32. Ra8 Bf6 33. Bc7 Rd1 34. Bc6 Kg7 35. Bxb5 Ne6 36. Ba5 Ra1 37. Ra7 Kg8 38. Be8 Bxc3 39. Bxf7+ Kf8 40. Bxc3 Rxa7 41. Bxe6 Ra6 42. Bd5 Ke7 43. g4 Kd6 44. Be4 Ke6 45. f3 Kf7 46. Kg3 Ra3 47. Bb2 Ra4 48. h4 Rb4 49. Be5 Ra4 50. Bc7 Ke7 51. Bb6 Rc4 52. Bd5 Rc3 53. Bd4 Rd3 54. Bc5+ Kf6 55. Be4 Rd8 56. f4 gxf4+ 57. Kxf4 Kg7 58. Bb4 Rc8 59. Bd6 Kf7 60. Be5 Rc4 61. Kf5 Rc5 62. Bd3 Rc8 63. g5 hxg5 64. hxg5 Rc1 65. g6+ Kf8 66. Bd4 Rc7 67. Kg5 Rd7 68. Kh6 1-0

[Event "2BLW 2223 SF Neuberg - SV Mülheim Nord"]
[Site "?"]
[Date "2023.02.26"]
[Round "8.1"]
[White "Lenaerts, Lennert"]
[Black "Lubbe, Nikolas"]
[Result "0-1"]
[WhiteElo "2373"]
[BlackElo "2487"]
[PlyCount "86"]
[EventDate "2023.??.??"]

1. d4 d5 2. c4 e6 3. Nc3 Nf6 4. cxd5 exd5 5. Bg5 Be7 6. e3 O-O 7. Bd3 Re8 8. Nf3 c6 9. Qc2 Ne4 10. Bf4 Bf5 11. Nd2 Bb4 12. a3 Bxc3 13. bxc3 Nd7 14. O-O Nxd2 15. Qxd2 Bxd3 16. Qxd3 Nb6 17. Rfb1 Qe7 18. a4 Nc4 19. a5 h6 20. a6 b6 21. Re1 Qe6 22. f3 f5 23. Re2 Re7 24. Rae1 Rae8 25. e4 fxe4 26. fxe4 Qg6 27. h3 b5 28. Qb1 dxe4 29. d5 cxd5 30. Qxb5 Rd8 31. Rb1 Qf6 32. Qc5 Rf7 33. Bc7 Rdd7 34. Qxa7 Rxc7 35. Qa8+ Kh7 36. Ra2 Ne3 37. Rb8 Rxc3 38. Rh8+ Kg6 39. Qb8 Rc1+ 40. Kh2 Nf1+ 41. Kg1 Ng3+ 42. Kh2 Rh1+ 43. Kxg3 Qg5# 0-1

[Event "2BLW 2223 SF Neuberg - SV Mülheim Nord"]
[Site "?"]
[Date "2023.02.26"]
[Round "8.2"]
[White "Bethke, Richard"]
[Black "Van Osch, Mees"]
[Result "1-0"]
[WhiteElo "2369"]
[BlackElo "2374"]
[PlyCount "101"]
[EventDate "2023.??.??"]

1. e4 e6 2. d4 d5 3. Nd2 Be7 4. Ngf3 Nf6 5. Bd3 c5 6. dxc5 dxe4 7. Nxe4 Nxe4 8. Bxe4 Qxd1+ 9. Kxd1 Bxc5 10. Ke2 Nd7 11. Rd1 Nf6 12. Bd3 O-O 13. Ne5 b6 14. g4 Bb7 15. g5 Nd5 16. c4 Nb4 17. Be3 Rfd8 18. a3 Nxd3 19. Rxd3 Rxd3 20. Nxd3 Bd6 21. f4 f6 22. h4 Kf7 23. a4 Rc8 24. b3 Bc7 25. b4 e5 26. a5 e4 27. Nb2 bxa5 28. b5 Bb6 29. Rc1 Bxe3 30. Kxe3 Ke6 31. f5+ Kxf5 32. Ra1 fxg5 33. hxg5 Kxg5 34. Rxa5 Rf8 35. Rxa7 Rf3+ 36. Kd4 Bc8 37. Kxe4 Rb3 38. Na4 Bf5+ 39. Kd5 Kf6 40. Nc5 Rb1 41. Ra6+ Kg5 42. Ne6+ Bxe6+ 43. Kxe6 h5 44. b6 Kg6 45. c5 h4 46. Ra2 Kh5 47. Rc2 h3 48. Kd5 Rb5 49. Kc6 Rb1 50. Kb7 g5 51. c6 1-0

[Event "2BLW 2223 SF Neuberg - SV Mülheim Nord"]
[Site "?"]
[Date "2023.02.26"]
[Round "8.3"]
[White "Van Meegen, Ruud"]
[Black "Lubbe, Melanie"]
[Result "1/2-1/2"]
[WhiteElo "2311"]
[BlackElo "2261"]
[PlyCount "95"]
[EventDate "2023.??.??"]

1. Nf3 Nf6 2. g3 g6 3. b3 Bg7 4. Bb2 O-O 5. Bg2 c5 6. c4 d6 7. O-O Nc6 8. d4 Ne4 9. Nbd2 Bf5 10. e3 Nxd2 11. Qxd2 Be4 12. Rfd1 Qc7 13. Qe2 a5 14. dxc5 dxc5 15. Bxg7 Kxg7 16. Qb2+ Kg8 17. Ng5 Bxg2 18. Kxg2 Rfd8 19. Ne4 b6 20. Nc3 Qe5 21. Na4 Qe4+ 22. f3 Qxe3 23. Nxb6 Nd4 24. Qf2 Qxf2+ 25. Kxf2 Ra6 26. Na4 Rc6 27. Re1 Rf6 28. Rad1 Rxf3+ 29. Kg2 Rf5 30. Rxe7 Rc8 31. Rf1 Rxf1 32. Kxf1 Nc6 33. Re2 Nb4 34. Re5 Na6 35. Ke2 Kg7 36. Rd5 Rc6 37. a3 h5 38. Kd3 f5 39. Nc3 Kf6 40. h4 Nc7 41. Rd8 Ke7 42. Rb8 Rd6+ 43. Ke3 Re6+ 44. Kf3 Rd6 45. Ke3 Re6+ 46. Kf3 Rd6 47. Ke3 Re6+ 48. Kf3 1/2-1/2

[Event "2BLW 2223 SF Neuberg - SV Mülheim Nord"]
[Site "?"]
[Date "2023.02.26"]
[Round "8.4"]
[White "Wahedi, Ahmad Siar"]
[Black "Stillger, Bernhard"]
[Result "1/2-1/2"]
[WhiteElo "2260"]
[BlackElo "2289"]
[PlyCount "55"]
[EventDate "2023.??.??"]

1. e4 e5 2. Nf3 Nf6 3. Nxe5 d6 4. Nc4 Nxe4 5. Qe2 Qe7 6. Ne3 c6 7. Nc3 Nxc3 8. dxc3 Be6 9. Bd2 Nd7 10. c4 Nf6 11. O-O-O g6 12. Bb4 c5 13. Bc3 Bg7 14. Qd3 O-O 15. Be2 Rad8 16. Bf3 b5 17. Bd5 bxc4 18. Qxc4 Nxd5 19. Nxd5 Qg5+ 20. f4 Bxd5 21. Rxd5 Qxg2 22. Rhd1 Bxc3 23. Qxc3 Qxh2 24. Qf6 Qh6 25. Rxd6 Rb8 26. Rd7 Rb4 27. Qg5 Qxg5 28. fxg5 1/2-1/2

[Event "2BLW 2223 SF Neuberg - SV Mülheim Nord"]
[Site "?"]
[Date "2023.02.26"]
[Round "8.5"]
[White "Hoenig, Alexander"]
[Black "Lutz, Klaus-Juergen"]
[Result "1/2-1/2"]
[WhiteElo "2200"]
[BlackElo "2272"]
[PlyCount "93"]
[EventDate "2023.??.??"]

1. d4 f5 2. Nf3 Nf6 3. Bg5 e6 4. Nbd2 d5 5. e3 Bd6 6. c4 c6 7. Ne5 O-O 8. Be2 Qe8 9. Bxf6 gxf6 10. Bh5 Qe7 11. Nd3 e5 12. O-O Be6 13. c5 Bc7 14. f4 Nd7 15. Qc2 Bf7 16. Bxf7+ Rxf7 17. Rae1 Kh8 18. Nc1 Re8 19. Nf3 e4 20. Nh4 Qe6 21. Qe2 Ba5 22. Rd1 b6 23. Nb3 Rg8 24. Qh5 Nf8 25. Qxf5 Qe7 26. Nxa5 bxa5 27. Qh5 Rfg7 28. Rf2 Qc7 29. Nf5 Rg6 30. Nh6 R8g7 31. f5 Rg5 32. Qe8 Qe7 33. Qxe7 Rxe7 34. h3 Kg7 35. Ng4 h5 36. Nh2 Kh8 37. Rdd2 Rb7 38. g4 Rg8 39. Rg2 h4 40. Rc2 Nh7 41. Rge2 Ng5 42. Kg2 Rgb8 43. Nf1 a4 44. Rf2 Kg7 45. Rfe2 Rb4 46. Rf2 R4b7 47. Rfe2 1/2-1/2

[Event "2BLW 2223 SF Neuberg - SV Mülheim Nord"]
[Site "?"]
[Date "2023.02.26"]
[Round "8.6"]
[White "Schaffer, Hendrik"]
[Black "Baltic, Fatih"]
[Result "1/2-1/2"]
[WhiteElo "2217"]
[BlackElo "2271"]
[PlyCount "77"]
[EventDate "2023.??.??"]

1. d4 Nf6 2. c4 g6 3. Nc3 Bg7 4. e4 d6 5. Nf3 O-O 6. Be2 Nbd7 7. O-O e5 8. Re1 c6 9. Bf1 h6 10. Rb1 exd4 11. Nxd4 a5 12. Nc2 Qe7 13. f3 a4 14. Bf4 Ne5 15. Nd4 Nfd7 16. Nxa4 Nc5 17. Nc3 Ne6 18. Be3 Nxd4 19. Bxd4 Be6 20. b3 Qf6 21. Ne2 Rxa2 22. f4 Rxe2 23. Qxe2 Qxf4 24. Qe3 Qxe3+ 25. Bxe3 Ng4 26. Bb6 c5 27. Rbd1 Rc8 28. h3 Rc6 29. Bd8 Ne5 30. Be7 Bf8 31. Bxf8 Kxf8 32. Bd3 Ra6 33. Be2 h5 34. Ra1 Rb6 35. Ra3 Ke7 36. Kf2 Nc6 37. Ke3 Nd4 38. Bd1 Kf6 39. Kf4 1/2-1/2

[Event "2BLW 2223 SF Neuberg - SV Mülheim Nord"]
[Site "?"]
[Date "2023.02.26"]
[Round "8.7"]
[White "Albers, Sasa"]
[Black "Drill, Frank"]
[Result "1/2-1/2"]
[WhiteElo "2069"]
[BlackElo "2006"]
[PlyCount "40"]
[EventDate "2023.??.??"]

1. e4 d6 2. d4 Nf6 3. Nc3 Nbd7 4. Nf3 e5 5. Bc4 Be7 6. O-O c6 7. a4 O-O 8. Re1 Qc7 9. h3 b6 10. Ba2 Bb7 11. Be3 a6 12. Qd3 b5 13. axb5 axb5 14. d5 b4 15. dxc6 Bxc6 16. Nd5 Bxd5 17. Bxd5 Nxd5 18. Rxa8 Rxa8 19. Qxd5 Rb8 20. Qd3 h6 1/2-1/2

[Event "2BLW 2223 SF Neuberg - SV Mülheim Nord"]
[Site "?"]
[Date "2023.02.26"]
[Round "8.8"]
[White "Buchinger, Alexis"]
[Black "Walter, Andreas"]
[Result "1/2-1/2"]
[WhiteElo "1840"]
[BlackElo "2147"]
[PlyCount "52"]
[EventDate "2023.??.??"]

1. e4 c5 2. Nf3 d6 3. d4 cxd4 4. Nxd4 Nf6 5. Nc3 e6 6. Bc4 Be7 7. g4 O-O 8. Be2 a6 9. a4 Qc7 10. Be3 b6 11. Qd2 Bb7 12. f3 Nc6 13. h4 Nb4 14. Kf2 d5 15. g5 Nh5 16. e5 Nc6 17. Nxc6 Qxc6 18. Rhg1 g6 19. f4 Ng7 20. Bg4 Rac8 21. Bd4 b5 22. Rgc1 Bb4 23. Qe3 Bxc3 24. Qxc3 Qxc3 25. bxc3 Bc6 26. a5 Nf5 1/2-1/2

[Event "2BLW 2223 SV Oberursel - Düsseldorfer S"]
[Site "?"]
[Date "2023.02.26"]
[Round "8.1"]
[White "Agrest, Evgenij"]
[Black "Heinz, Axel"]
[Result "1/2-1/2"]
[WhiteElo "2567"]
[BlackElo "2437"]
[PlyCount "152"]
[EventDate "2023.??.??"]

1. Nf3 Nf6 2. b3 d5 3. Bb2 c5 4. e3 e6 5. c4 Nc6 6. cxd5 exd5 7. Be2 d4 8. Bb5 Bd6 9. Na3 O-O 10. Bxc6 bxc6 11. Nc4 Bc7 12. Ba3 Qd5 13. d3 dxe3 14. Nxe3 Qh5 15. Qc2 Bb6 16. O-O Rd8 17. Rac1 Ng4 18. Bxc5 Bxc5 19. Qxc5 Qxc5 20. Rxc5 Nxe3 21. fxe3 Rxd3 22. Kf2 a5 23. Rxc6 a4 24. Rfc1 Be6 25. R6c3 Rxc3 26. Rxc3 axb3 27. axb3 Ra2+ 28. Kg3 h6 29. Rd3 Kf8 30. Nd2 Rb2 31. Kf3 Ke7 32. e4 g5 33. Ke3 Rc2 34. h3 h5 35. Ke2 h4 36. Kd1 Ra2 37. Rc3 Kd6 38. Ke2 f6 39. Ke3 Rb2 40. Rd3+ Ke7 41. Rd4 Rc2 42. Kd3 Rc8 43. Rb4 Rd8+ 44. Ke3 g4 45. hxg4 Rg8 46. Rb7+ Kd6 47. e5+ fxe5 48. Rh7 Bd5 49. Rxh4 Bxg2 50. Nc4+ Kd5 51. Kd3 Bf3 52. Ne3+ Kc5 53. Kc3 Kb5 54. Rh6 Bxg4 55. Nc4 Be2 56. Rb6+ Kc5 57. b4+ Kd5 58. Rb5+ Kc6 59. Rc5+ Kb7 60. Na5+ Kb6 61. Rxe5 Rc8+ 62. Kb3 Bd3 63. Rd5 Be4 64. Rd4 Bg2 65. Nc4+ Ka6 66. Ka3 Rc7 67. Rd2 Bh3 68. Ra2 Kb7 69. Na5+ Kb6 70. Rd2 Rg7 71. Ka4 Bc8 72. Nc4+ Ka7 73. Rd4 Rg1 74. b5 Bd7 75. Na3 Rg4 76. Rxg4 Bxg4 1/2-1/2

[Event "2BLW 2223 SV Oberursel - Düsseldorfer S"]
[Site "?"]
[Date "2023.02.26"]
[Round "8.2"]
[White "Margolin, Boris"]
[Black "Berelowitsch, Alexander"]
[Result "1/2-1/2"]
[WhiteElo "2379"]
[BlackElo "2497"]
[PlyCount "80"]
[EventDate "2023.??.??"]

1. e4 e6 2. d4 d5 3. Nc3 Bb4 4. exd5 exd5 5. Bd3 Nc6 6. a3 Bxc3+ 7. bxc3 Nge7 8. Qf3 Be6 9. Ne2 Qd7 10. Ng3 O-O-O 11. O-O h5 12. h4 f6 13. Re1 Bg4 14. Qf4 Rhf8 15. Nf1 Bf5 16. Qh2 Bxd3 17. cxd3 Nf5 18. Bf4 Rfe8 19. Ne3 Nce7 20. Qh3 Nxe3 21. Qxd7+ Kxd7 22. fxe3 Nf5 23. g3 Re6 24. Kf2 Rde8 25. Rab1 b6 26. c4 dxc4 27. dxc4 Nd6 28. Bxd6 Kxd6 29. Rb5 g6 30. Kf3 c6 31. Rb3 c5 32. Rd1 Re4 33. Rbd3 Kc6 34. Rc1 g5 35. dxc5 Kxc5 36. hxg5 fxg5 37. Rd5+ Kc6 38. Rxg5 Rxe3+ 39. Kg2 Rxa3 40. c5 bxc5 1/2-1/2

[Event "2BLW 2223 SV Oberursel - Düsseldorfer S"]
[Site "?"]
[Date "2023.02.26"]
[Round "8.3"]
[White "Orlov, Andrey"]
[Black "Dubiel, Jacek"]
[Result "1-0"]
[WhiteElo "2512"]
[BlackElo "2374"]
[PlyCount "103"]
[EventDate "2023.??.??"]

1. e4 e5 2. Nf3 Nc6 3. Bc4 Bc5 4. d3 Nf6 5. O-O O-O 6. c3 d6 7. Nbd2 a6 8. Bb3 Be6 9. Re1 Bxb3 10. Qxb3 Qd7 11. Nf1 h6 12. Be3 Ng4 13. Bxc5 dxc5 14. Rad1 Rfe8 15. Ne3 Nxe3 16. fxe3 Qe6 17. Qxe6 Rxe6 18. a3 Rd6 19. Kf2 Rad8 20. Ke2 a5 21. a4 Kf8 22. g4 g6 23. h4 Kg7 24. g5 hxg5 25. hxg5 Rh8 26. Rh1 Rxh1 27. Rxh1 Rd8 28. Kd2 Rd6 29. Kc2 b6 30. Rh3 Rd7 31. Nh2 f6 32. gxf6+ Kxf6 33. Rf3+ Kg7 34. Ng4 Rf7 35. Rg3 Rd7 36. Rg2 Rd8 37. Nf2 Rf8 38. Kb3 Kf6 39. Kc4 Ne7 40. Nh3 Ke6 41. Ng5+ Kd7 42. Rh2 Rf1 43. Rh7 Re1 44. d4 exd4 45. exd4 cxd4 46. cxd4 Rc1+ 47. Kd3 Ra1 48. d5 Rxa4 49. e5 Rb4 50. Ne4 Ke8 51. Nf6+ Kf8 52. e6 1-0

[Event "2BLW 2223 SV Oberursel - Düsseldorfer S"]
[Site "?"]
[Date "2023.02.26"]
[Round "8.4"]
[White "Stork, Oliver"]
[Black "Levin, Felix"]
[Result "1/2-1/2"]
[WhiteElo "2353"]
[BlackElo "2449"]
[PlyCount "45"]
[EventDate "2023.??.??"]

1. c4 e6 2. Nf3 d5 3. e3 Nf6 4. b3 c5 5. Bb2 Nc6 6. cxd5 exd5 7. Bb5 Bd6 8. O-O O-O 9. d4 cxd4 10. Nxd4 Bc7 11. Bxc6 bxc6 12. Qc2 Ba6 13. Rc1 c5 14. Qxc5 Bxh2+ 15. Kxh2 Ne4 16. Qc2 Bd3 17. Qxd3 Qh4+ 18. Kg1 Qxf2+ 19. Kh2 Qh4+ 20. Kg1 Qf2+ 21. Kh2 Qh4+ 22. Kg1 Qf2+ 23. Kh2 1/2-1/2

[Event "2BLW 2223 SV Oberursel - Düsseldorfer S"]
[Site "?"]
[Date "2023.02.26"]
[Round "8.5"]
[White "Andersson, Ulf"]
[Black "Weber, Samuel"]
[Result "1/2-1/2"]
[WhiteElo "2522"]
[BlackElo "2282"]
[PlyCount "141"]
[EventDate "2023.??.??"]

1. Nf3 Nf6 2. c4 e6 3. g3 a6 4. Bg2 b5 5. d4 Bb7 6. Nbd2 c5 7. dxc5 Bxc5 8. O-O O-O 9. a3 bxc4 10. Nxc4 d5 11. Be3 Bxe3 12. Nxe3 Qb6 13. Qd4 Nbd7 14. Qxb6 Nxb6 15. Rfc1 Rfc8 16. Nd4 Kf8 17. Kf1 Ke7 18. Nb3 Bc6 19. Na5 Bd7 20. Ke1 Ne8 21. Nc2 Nc4 22. Nxc4 Rxc4 23. Nb4 Nd6 24. Rxc4 Nxc4 25. e4 d4 26. b3 Ne5 27. f4 a5 28. Nc2 d3 29. Nd4 Ng4 30. e5 Rc8 31. Kd2 f6 32. h3 fxe5 33. hxg4 exd4 34. Rc1 Rb8 35. Rb1 Rc8 36. Be4 Bb5 37. Rc1 Rb8 38. Rc7+ Bd7 39. Rb7 Rxb7 40. Bxb7 Kd6 41. Kxd3 e5 42. g5 Bh3 43. Bf3 Bc8 44. b4 axb4 45. axb4 Ba6+ 46. Kd2 exf4 47. gxf4 h6 48. gxh6 gxh6 49. Bh5 Kd5 50. Bf3+ Kd6 51. Ke1 Bb5 52. Kf2 Ke6 53. Be4 Kf6 54. Kg3 Ke6 55. Kg4 Kf6 56. Kf3 Ke6 57. Kf2 Kf6 58. Kg3 Ke6 59. Kf3 h5 60. Bg6 h4 61. Kg4 Be2+ 62. Kxh4 d3 63. Kg5 d2 64. Bc2 d1=Q 65. Bxd1 Bxd1 66. b5 Kd6 67. f5 Kc5 68. f6 Bb3 69. Kg6 Kxb5 70. f7 Bxf7+ 71. Kxf7 1/2-1/2

[Event "2BLW 2223 SV Oberursel - Düsseldorfer S"]
[Site "?"]
[Date "2023.02.26"]
[Round "8.6"]
[White "Yavorovsky, Valeriy"]
[Black "Jogstad, Martin"]
[Result "1/2-1/2"]
[WhiteElo "2342"]
[BlackElo "2402"]
[PlyCount "107"]
[EventDate "2023.??.??"]

1. d4 d5 2. Nf3 e6 3. c4 a6 4. e3 Nf6 5. Nc3 dxc4 6. Bxc4 b5 7. Bb3 Bb7 8. O-O c5 9. Qe2 Be7 10. Rd1 O-O 11. e4 cxd4 12. Nxd4 Qc7 13. e5 Nfd7 14. Bf4 Nc5 15. Bc2 Nc6 16. Rac1 Rfd8 17. Nf3 Rxd1+ 18. Rxd1 Rd8 19. a3 b4 20. axb4 Nxb4 21. Bb1 Qc6 22. Rxd8+ Bxd8 23. Qc4 a5 24. Be3 Be7 25. Ne1 Ba6 26. Qd4 Qd7 27. Qxd7 Nxd7 28. f4 Nc5 29. Ne4 Ncd3 30. Nxd3 Bxd3 31. Bxd3 Nxd3 32. b3 Kf8 33. Kf1 Ke8 34. Ke2 Nb4 35. Bb6 Nd5 36. Bxa5 Nxf4+ 37. Kf3 Nd3 38. Bc3 Bb4 39. Bxb4 Nxb4 40. Nd6+ Ke7 41. Ke4 f5+ 42. exf6+ gxf6 43. Nc4 Kd7 44. g4 h6 45. h4 Kc6 46. Ne3 Na6 47. Kd4 Nc7 48. Kc4 Nb5 49. Nc2 Nd6+ 50. Kd4 Nb5+ 51. Kc4 Nd6+ 52. Kd4 Nb5+ 53. Kc4 Nd6+ 54. Kd4 1/2-1/2

[Event "2BLW 2223 SV Oberursel - Düsseldorfer S"]
[Site "?"]
[Date "2023.02.26"]
[Round "8.7"]
[White "Harff, Marcel"]
[Black "Dolzhykova, Kateryna"]
[Result "0-1"]
[WhiteElo "2327"]
[BlackElo "2275"]
[PlyCount "66"]
[EventDate "2023.??.??"]

1. c4 b6 2. Nc3 Bb7 3. e4 e5 4. d3 Bc5 5. Nf3 Nc6 6. Be2 Nge7 7. a3 a5 8. O-O O-O 9. Nd5 d6 10. Rb1 Nd4 11. Be3 Nxf3+ 12. Bxf3 a4 13. Nc3 Qd7 14. Bg4 f5 15. Bh3 Qe8 16. Nd5 Nxd5 17. cxd5 f4 18. Be6+ Kh8 19. Bxc5 bxc5 20. f3 Qb5 21. b4 Ba6 22. Rf2 Rfb8 23. Rd2 cxb4 24. axb4 a3 25. g3 Qb6+ 26. Kg2 fxg3 27. hxg3 Qd4 28. Qb3 Qe3 29. Qc3 Rf8 30. Bg4 Bc8 31. Bxc8 Qxf3+ 32. Kh2 Raxc8 33. Qxa3 Rf6 0-1